00739nam a2200241 a 4500001001300000003000900013005001700022008004100039020002300080082001800103100002500121245003700146260003200183300000900215500003500224505002600259650002400285700002500309902000800334942000700342952013100349999001700480nice12345678IN_TiNIC20260116014202.0050524s0000 dela grp 000 0 eng  a8173916 c30000a297.1228bFAL aFalahi, Towqeer Alam aQuranic Concept of War and Peace aDelhibKanishka Pub. c0000 a109p aincludes index and biblioraphy2 aIndex, Quranic Verses aQuran and Sociology1 aFalahi, Towqeer Alam bSRS cBK 001040708StackRoom-aHMIbHMId2007-08-03g300.00l2o297.1228 FALp020559r2017-02-22s2017-01-24v300.00w2005-05-24yBK c14230d14230